000 00629nam a2200193Ia 4500
003 GCL
008 140319s9999 xx 000 0 ara d
040 _aGCL /
_cGCL
082 0 4 _a346.09
_bر ج
100 1 _aرمسيس بهنام
245 1 0 _aالجرائم المضره باحاد الفاس /
_cرمسيس بهنام
260 _a[S.N] :
_bمنشاة المعارف الاسلامية ،
_c1990
300 _a532 ص
490 _aالكتب القانونية
_v0
650 0 4 _aالقانون
650 0 4 _aقانون الاجراءات الجنائية
650 0 4 _aالتحقيق الجنائى
942 _2ddc
_cBK
999 _c29260
_d29260